Quizzes
Events
Quiz Creation
Community
Videos
Private Events
Remove Ads
Sign In
Join for FREE
Feedback
Dark Mode
Quiz Categories
Sports
Geography
Music
Movies
Television
Just For Fun
Miscellaneous
History
Literature
Language
Science
Gaming
Entertainment
Religion
Holiday
For Kids
Quiz Lab
Recent
Popular Today
Quiz Kudos Today
Editor Picks
Curator Picks
Quizzes by...
Day
Popularity
Type
Ratings
Length
Year
Community
Subscriptions
Recent Discussions
Orange Saloon
Badges
Playlists
Quests
Create
Leaderboards
Showdown
Live 5
Trivia Bingo
Activity
Puzzle Library
Sporcle Events
Private Events
Virtual Trivia
Globe League
Become a Host
Pub Owners
SporcleCon
Opinionation
Our Games
Videos
Blog
Mobile Apps
Partnerships
Remove Ads and Go Orange
Feedback
Sports
Athletes
MLB
NBA
NHL
NFL
Soccer
Sports Teams
WWE
NCAA
Football
Premier League
Basketball
Baseball
Hockey
Golf
Tennis
Cricket
Rugby
Auto Racing
Olympics
World Cup
Sports
Athletes
MLB
NBA
NHL
NFL
Soccer
Sports Teams
WWE
NCAA
Football
Premier League
Basketball
Baseball
Hockey
Golf
Tennis
Cricket
Rugby
Auto Racing
Olympics
World Cup
Random Quiz
Search Sporcle
×
Quiz Lab
Quiz Lab
Sports
NFL
Type in answers that appear in a list
Type in answers that appear in a list
Classic
Best Score? Go Orange.
NFL All time Leading Rushers Stats
Can you name the NFL All time Leading Rushers?
By
mikecollins97531
2m
25 Questions
1,057 Plays
1,057 Plays
1,057 Plays
Comments
Comments
Give Quiz Kudos
Give Quiz Kudos
-
- Ratings
hide this ad
More Info
Replay
Link that replays current quiz
Next Quiz
Link to next quiz in quiz playlist
You Got
0%
They Got
Avg Score
67%
Avg Friend Score
Upgrade to see
Score Distribution
Jump to the score distribution portion of the page
Score
0/25
Timer
02:00
0
Plays Today
Teams & Jersey #
Player's Name
% Correct
Cowboys #22
Emmitt Smith
98%
Lions #20
Barry Sanders
96%
Bears #34
Walter Payton
95.6%
Steelers/
Rams #36
Jerome Bettis
89.2%
Chargers #21
Ladanian Tomlinson
88%
Browns #32
Jim Brown
87.7%
St. Louis Rams/
Colts #28
Marshall Faulk
82.2%
Jets/
Patriots #28
Curtis Martin
78.9%
L.A. Rams/
Colts/
Raiders #29
Eric Dickerson
76.6%
Colts/
Cardinals #32
Edgerrin James
72.3%
Raiders/
Chiefs #32
Marcus Allen
71.1%
Bills #34
Thurman Thomas
71%
Steelers #32
Franco Harris
70.9%
Teams & Jersey #
Player's Name
% Correct
Bills #32
OJ Simpson
67.8%
Cowboys #33
Tony Dorsett
67.2%
Giants #21
Tiki Barber
65.4%
Bengals/
Patriots #28
Corey Dillon
61%
Jaguars/
Patriots #28
Fred Taylor
57.6%
Ravens/
Browns #31
Jamal Lewis
56.5%
Titans/
Oilers #27
Eddie George
55.2%
Redskins/
Jets #44
John Riggins
53.1%
Buccaneers/
Falcons #28
Warrick Dunn
50.7%
49ers/
Seahawks/
Eagles #32
Ricky Watters
38.6%
Cardinals/
Giants #24
Ottis Anderson
34.1%
49ers/
Colts #34
Joe Perry
8.2%
Quiz Playlist
Details
Report
Send in Message
Add To Playlist
More Info:
Can you name the top 25 leading rushers in NFL history?
Classic:
Type in answers that appear in a list
Last Updated: Feb 21, 2019
Quiz Scoreboard
CHALLENGE
Sign Up to Join the Scoreboard
Show All
Scores
Hide
Comments
May contain spoilers
Recently Published
9x9 Crossword: Cartoon Network
by jackfrog10
Miscellaneous
3m
College Basketball Coaching Resumes
by pancakes188
Sports
9m
Billboard Blitz: Fleetwood Mac
by CooCooCachoo
Music
15s
More to Explore
Quiz From the Vault
Featured Blog Post
Where Did the Easter Bunny Come From?
hide this ad
You Might Also Like...
Tags
NFL Quiz
Jersey
Leading
Leading Rushers
Player
Rusher
team
Yard
Today's Top Quizzes in Sports
Browse Sports
hide this ad
Today's Top Quizzes in NFL
Browse NFL
Top Contributed Quizzes in Sports
1
2022 World Cup Stars
2
Les meilleurs buteurs des matchs entre le PSG et l’OM
3
FIFA Club World Cup Champions
4
Les entraîneurs de l'OM et du PSG au 21e siècle
5
Criteria MLB: Left Handed Sluggers
6
AFC Teams Reveal (Wrong Answers Minefield)
7
2023 MLB Unique Player Accomplishments
8
Players with Multiple 50 Home Run Seasons
9
5-to-1: FBS Animal Nicknames
10
5-to-1: UK Sports Teams
Explore More
Trending Topics
Harry Potter
Kpop
Marvel
Crossword
NBA
Disney
Anime
Song
Pokémon
Puzzle
WWE
Country
Soccer
The Office
NFL
hide this ad
More By:
mikecollins97531
Quiz
Plays
Rating
Category
Featured
Created
Criminal Minds Unsubs & Episodes
2,421
2.00
Television
Feb 27, 2010
NFL All time Leading Rushers
1,057
Sports
Apr 10, 2010
Can you finish the Zoolander Quotes
657
Movies
Feb 25, 2010
Nicknames in Sports
156
2.56
Sports
Feb 19, 2011
Go to Creator's Profile
Score Distribution
Quiz Creator Spotlight
mikecollins97531
Follow
Send a Message
Quizzes Created
-
Created Quiz Play Count
-
More By This Creator
Popular Quizzes Today
1
Find the US States - No Outlines Minefield
2
Find the Countries of Europe - No Outlines Minefield
3
The Countries of the World
4
Find the US States
5
Risky Map Clicking: Biggest States A-Z
6
US States
7
Popular People in 1961
8
Movies - When Are They Set?
More Sports Quizzes
Premiership Goal Scorers (A-Z)
Published
Trending Quizzes
Risky Map Clicking: Least Populous States A-Z
1-10 Letter G Words
1-10 Letter F Words
Risky Map Clicking: Next State Alphabetically
Adjectives in 80s TV Shows
Recently Updated
Leaping Animals
pecheneg
Reality TV Shows (A-Z)
bhenderson79
Rickey Henderson's Hall of Fame Teammates
pecheneg
Champions League XIs: Arsenal
pecheneg
Quick Pick: Celebrities in WWE's Hall of Fame
aduchscher
A-Z Keypad Blitz II
pecheneg
Multiple Oscar Actors
pecheneg
Mystery Phrase Blitz: Oscar 'Best Actors'
pecheneg
F. Scott Fitzgerald Novels
LTH
Pick 3 Villains
ddd62291
Trending Topics
Kpop
Crossword
Marvel
Harry Potter
Anime
NBA
Disney
Pokémon
Soccer
NFL
Puzzle
WWE
Song
The Office
Country
Your Account Isn't Verified!
In order to create a playlist on Sporcle, you need to verify the email address you used during registration. Go to your
Sporcle Settings
to finish the process.
Report this User
Report this user for behavior that violates our
Community Guidelines
.
Details:
Send Report
Go to the Sporcle.com Mobile Site →
Comments